00706cam a2200241 a 45000010009000000050017000090080041000260100017000670200036000840200033001200200026001530350024001790400065002030410008002680420008002760430012002840800016002960820020003121000007003321010008003392450051003475040066003981672636420180308080807.0110408s2011 nyua b 001 0 eng  a 2011014631 a9781400068418 (hc : alk. paper) a140006841X (hc : alk. paper) a9780679605027 (eBook) a(OCoLC)ocn711989050 aDLCbengcDLCdYDXCPdNPLdIK2dABGdORXdIEBdBWXdTXAdDLC aeng apcc an-us--- a330.973 SAC00a330.973 SAC2221 a52 aEKO14aThe price of civilization :cJeffrey D. Sachs. aIncludes bibliographical references (p. [277]-307) and index.